Nalaganje...

Genetics of recombination

Bibliografske podrobnosti
Glavni avtor: Catcheside, D G
Format: Printed Book
Jezik:Undetermined
English
Izdano: New Delhi Oxford and IBH publishing 1977
Teme:
LEADER 00549nam a2200169Ia 4500
008 140306s9999 xx 000 0 und d
041 |a eng 
082 |a 575.5  |b CAT/GE 
100 |a Catcheside, D G 
245 |a Genetics of recombination 
260 |a New Delhi  |b Oxford and IBH publishing  |c 1977 
300 |a 172 
365 |b Rs. 180.00 
650 |a Meiosis 
942 |2 ddc  |c BK 
999 |c 110226  |d 110226 
952 |0 0  |1 0  |2 ddc  |4 0  |6 575_500000000000000_CATGE  |7 0  |9 107719  |a KAUHCV  |b KAUHCV  |d 2004-03-29  |g 180.00  |o 575.5 CAT/GE  |p KAU_HCV- 19214  |r 2014-03-22  |w 2014-03-22  |y BK